000 02004nam2a2200289 4500
001 RU\NLR\BIBL_A\012444510
005 20250624034715.0
010 _a978-601-294-265-1
_95000
035 _a(NLR Aleph) 012444510
090 _a11942400
_c11942400
100 _a20210201d2017 |||y0rusy50 ca
101 0 _arus
_akaz
102 _aKZ
_aRU
105 _aac||z|||000zd
200 0 _a[2017]
_fМинистерство культуры и спорта Республики Казахстан [и др.
_gсоставители: Ж. Ашимжан (Алматы), М. Замшев (Россия) и др.
_gредактор-составитель: Л. Шашкова
_gредакционный совет: М. Тажин - председатель и др.]
210 _d2017
_aБ. м.
215 _a511 с., [8] л. цв. ил.
_cил., портр.
309 _aНа обороте тит. л. в аннтот.: Третий выпуск ежегодного альманаха
461 0 _1001RU\NLR\BIBL_A\010950460
_12001#$aКазахстан - Россия$dҚазақстан - Ресей$eлитературный альманах$fПосольство Респ. Казахстан в Рос. Федерации [и др.$gред. совет: Ю. Поляков и др.$gсост.: Юрий Козлов и др.]$zkaz$v[2017]
_910778359
_cАлматы
_d2015
_fПосольство Респ. Казахстан в Рос. Федерации [и др.
_lҚазақстан - Ресей
_nЖибек жолы
_oлитературный альманах
_tКазахстан - Россия
_v[2017]
702 1 _aАшимжан
_bЖ.
_4220
702 1 _aШашкова
_bЛ. К.
_gЛюбовь Константиновна
_4340
712 0 1 _4570
_aРеспублика Казахстан
_bМинистерство культуры и спорта
_9730270
_3RU\NLR\AUTH\880533865
942 _cBOOK
980 _aNB